Online
Catalog

Integrated álgebra and trigonometry / (Record no. 10519)

MARC details
000 -CABECERA
campo de control de longitud fija 00874cam a22002891 4500
001 - NÚMERO DE CONTROL
campo de control 000010765
003 - IDENTIFICADOR DEL NÚMERO DE CONTROL
campo de control DO-SdBNP
005 - FECHA Y HORA DE LA ÚLTIMA TRANSACCIÓN
campo de control 20250626113528.0
008 - DATOS DE LONGITUD FIJA--INFORMACIÓN GENERAL
campo de control de longitud fija 721227s1958 njua 000 0 eng
010 ## - NÚMERO DE CONTROL DE LA BIBLIOTECA DEL CONGRESO
Número de control de LC 58006892
015 ## - NÚMERO DE BIBLIOGRAFÍA NACIONAL
Número de bibliografía nacional GB58-17034
035 ## - NÚMERO DE CONTROL DEL SISTEMA
Número de control de sistema (OCoLC)525568
040 ## - FUENTE DE LA CATALOGACIÓN
Centro catalogador/agencia de origen DO-SdBNP
Lengua de catalogación spa
Centro/agencia transcriptor BNPHU
042 ## - CÓDIGO DE AUTENTICACIÓN
Código de autenticación premarc
049 ## - FONDOS LOCALES (OCLC)
Fondos de biblioteca BNGR
082 ## - NÚMERO DE LA CLASIFICACIÓN DECIMAL DEWEY
Número de clasificación 512
Número de documento/Ítem F553i
100 1# - ENTRADA PRINCIPAL--NOMBRE DE PERSONA
Nombre de persona Fisher, Robert Charles,
Fechas asociadas al nombre 1926-
9 (RLIN) 25979
245 10 - MENCIÓN DE TÍTULO
Título Integrated álgebra and trigonometry /
Mención de responsabilidad, etc. [by] Robert C. Fisher [and] Allen D. Ziebur.
260 ## - PUBLICACIÓN, DISTRIBUCIÓN, ETC.
Lugar de publicación, distribución, etc. Englewood Cliffs, N.J., :
Nombre del editor, distribuidor, etc. Prentice-Hall,
Fecha de publicación, distribución, etc. 1958.
300 ## - DESCRIPCIÓN FÍSICA
Extensión 427 p. :
Otras características físicas illus. ;
Dimensiones 24 cm.
440 #0 - MENCIÓN DE SERIE/PUNTO DE ACCESO ADICIONAL--TÍTULO
Título Prentice-Hall mathematics series
9 (RLIN) 25980
650 #0 - PUNTO DE ACCESO ADICIONAL DE MATERIA--TÉRMINO DE MATERIA
Término de materia o nombre geográfico como elemento de entrada Álgebra
9 (RLIN) 25976
Subdivisión general Enseñanza
650 #4 - PUNTO DE ACCESO ADICIONAL DE MATERIA--TÉRMINO DE MATERIA
Término de materia o nombre geográfico como elemento de entrada Trigonometría
9 (RLIN) 25981
700 1# - PUNTO DE ACCESO ADICIONAL--NOMBRE DE PERSONA
Nombre de persona Ziebur, Allen D.,
Término indicativo de función/relación joint author.
9 (RLIN) 25982
910 ## - DATOS DE OPCIÓN DEL USUARIO (OCLC)
Datos de opción del usuario DC
942 ## - ELEMENTOS DE PUNTO DE ACCESO ADICIONAL (KOHA)
Fuente del sistema de clasificación o colocación Dewey Decimal Classification
Tipo de ítem Koha Libro
Holdings
Estado de retiro Estado de pérdida Restricciones de uso No para préstamo Código de colección Localización permanente Ubicación/localización actual Ubicación en estantería Fecha de adquisición Número de inventario Total de préstamos Signatura topográfica completa Código de barras Fecha visto por última vez Precio válido a partir de Tipo de ítem Koha
    Préstamo interno   Monografías: Libros y Folletos General General En catalogación 09.10.2009 LF1   512 F553i 10765-10 25.06.2020 25.06.2020 Préstamo interno

Powered by Koha